[Event "5th Ordu Open 2019"]
[Site "Ordu"]
[Date "2019.04.30"]
[Round "3.17"]
[White "Alinasab, Mobina"]
[Black "Hajiyev, Shahin"]
[Result "1-0"]
[WhiteElo "2215"]
[BlackElo "1972"]
[Annotator "NA"]
[PlyCount "57"]
[EventDate "2019.04.29"]
[EventType "swiss"]
[EventCountry "TUR"]
[SourceTitle "playchess.com"]
[Source "ChessBase"]
[SourceQuality "1"]
[TimeControl "5400+30"]

1. e4 {[%emt 0:03:30]} e6 {[%emt 0:00:30]} 2. d4 {[%emt 0:00:30]} d5 {[%emt 0:00:00]} 3. Nd2 {[%emt 0:00:00]} Be7 {[%emt 0:00:00]} 4. Ngf3 {[%emt 0:00:00]} Nf6 {[%emt 0:00:30]} 5. e5 {[%emt 0:00:00]} Nfd7 {[%emt 0:00:30]} 6. Bd3 {[%emt 0:00:00]} b6 {[%emt 0:00:00]} 7. Qe2 {[%emt 0:02:30]} a5 {[%emt 0:01:00]} 8. O-O {[%emt 0:00:30]} Ba6 {[%emt 0:00:00]} 9. Bxa6 {[%emt 0:00:30]} Nxa6 $14 {[%emt 0:03:00]} 10. Ne1 {[%emt 0:02:30]} c5 {[%emt 0:07:30]} 11. c3 {[%emt 0:01:30]} Qc7 {[%emt 0:10:30]} 12. f4 {[%emt 0:00:30]} g6 {[%emt 0:00:00]} 13. c4 {[%emt 0:10:30]} Qc6 {[%emt 0:05:00]} 14. dxc5 {[%emt 0:03:30]} Naxc5 15. Nef3 {[%emt 0:05:30]} O-O {[%emt 0:08:00]} 16. Nd4 {[%emt 0:00:30]} Qb7 {[%emt 0:00:30]} 17. cxd5 {[%emt 0:02:30]} Qxd5 {[%emt 0:01:30]} 18. N2f3 {[%emt 0:00:30]} Ne4 {[%emt 0:03:30]} 19. Rd1 {[%emt 0:02:30]} Qb7 {[%emt 0:03:30]} 20. Qb5 {[%emt 0:02:30]} Bc5 {[%emt 0:09:30]} 21. Be3 {[%emt 0:01:30]} Rfd8 {[%emt 0:04:30]} 22. Rac1 {[%emt 0:59:30]} Rac8 {[%emt 0:41:30]} 23. a3 {[%emt 0:00:00]} Bxd4 {[%emt 0:00:00]} 24. Nxd4 {[%emt 0:00:00]} Nb8 {[%emt 0:00:00]} 25. Rxc8 {[%emt 0:00:00]} Rxc8 {[%emt 0:00:00]} 26. Nf3 {[%emt 0:00:00]} Rc6 {[%emt 0:00:00]} 27. Rd8+ {[%emt 0:00:00]} Kg7 {[%emt 0:00:00]} 28. Rxb8 {[%emt 0:00:00]} Qd7 {[%emt 0:00:00]} 29. Rxb6 {[%emt 0:00:00]} 1-0

[Event "5th Ordu Open 2019"]
[Site "Ordu"]
[Date "2019.04.30"]
[Round "3.18"]
[White "Yasin, Hur"]
[Black "Uzunoglu, Efe Kerem"]
[Result "0-1"]
[WhiteElo "1959"]
[BlackElo "2106"]
[Annotator "NA"]
[PlyCount "92"]
[EventDate "2019.04.29"]
[EventType "swiss"]
[EventCountry "TUR"]
[SourceTitle "playchess.com"]
[Source "ChessBase"]
[SourceQuality "1"]
[TimeControl "5400+30"]

1. e4 {[%emt 0:03:30]} c5 {[%emt 0:00:30]} 2. Nf3 {[%emt 0:00:00]} d6 {[%emt 0:00:30]} 3. d4 {[%emt 0:00:00]} Nf6 {[%emt 0:00:30]} 4. Nc3 {[%emt 0:00:30]} cxd4 {[%emt 0:00:30]} 5. Nxd4 {[%emt 0:00:00]} g6 {[%emt 0:00:00]} 6. f3 {[%emt 0:01:00]} Bg7 {[%emt 0:00:00]} 7. Be3 {[%emt 0:00:00]} O-O {[%emt 0:00:30]} 8. Qd2 {[%emt 0:00:00]} Nc6 {[%emt 0:00:00]} 9. O-O-O {[%emt 0:00:00]} Nxd4 {[%emt 0:01:00]} 10. Bxd4 {[%emt 0:00:00]} Be6 {[%emt 0:00:30]} 11. g4 {[%emt 0:00:30]} Qa5 {[%emt 0:02:30]} 12. a3 {[%emt 0:00:30]} Rfc8 {[%emt 0:05:30]} 13. h4 {[%emt 0:00:30]} Rab8 {[%emt 0:12:30]} 14. h5 {[%emt 0:05:30]} b5 {[%emt 0:07:30]} 15. hxg6 {[%emt 0:00:30]} hxg6 {[%emt 0:04:30]} 16. g5 {[%emt 0:01:30]} Nh5 {[%emt 0:02:30]} 17. Bxg7 {[%emt 0:01:30]} Kxg7 {[%emt 0:00:30]} 18. Nd5 {[%emt 0:21:30]} Qxd2+ {[%emt 0:02:30]} 19. Rxd2 {[%emt 0:00:30]} Bxd5 {[%emt 0:02:30]} 20. Rxd5 {[%emt 0:03:30]} a6 {[%emt 0:01:30]} 21. Rh4 {[%emt 0:01:30]} Rc5 {[%emt 0:09:30]} 22. Rxc5 {[%emt 0:10:30]} dxc5 {[%emt 0:00:30]} 23. b3 {[%emt 0:00:30]} e5 {[%emt 0:01:30]} 24. Rh2 {[%emt 0:01:30]} Nf4 {[%emt 0:01:30]} 25. a4 {[%emt 0:03:30]} bxa4 {[%emt 0:06:30]} 26. bxa4 {[%emt 0:00:00]} Rb4 {[%emt 0:00:30]} 27. a5 {[%emt 0:02:00]} Ra4 {[%emt 0:00:30]} 28. Bxa6 {[%emt 0:00:00]} Rxa5 {[%emt 0:00:30]} 29. Bc8 {[%emt 0:00:00]} Ra3 {[%emt 0:12:30]} 30. Bg4 {[%emt 0:01:30]} c4 {[%emt 0:02:30]} 31. Kd2 {[%emt 0:01:30]} c3+ {[%emt 0:00:30]} 32. Ke3 {[%emt 0:03:30]} Ra1 {[%emt 0:00:00]} 33. Kf2 {[%emt 0:01:30]} Rd1 {[%emt 0:01:00]} 34. Ke3 {[%emt 0:09:30]} Re1+ {[%emt 0:03:30]} 35. Kf2 {[%emt 0:00:30]} Re2+ {[%emt 0:00:30]} 36. Kg3 {[%emt 0:04:30]} Rd2 {[%emt 0:00:30]} 37. Rf2 {[%emt 0:01:30]} Ne2+ {[%emt 0:02:45]} 38. Kh4 {[%emt 0:00:30]} Nd4 {[%emt 0:01:09]} 39. Kg3 {[%emt 0:04:50]} Nxc2 {[%emt 0:01:35]} 40. Rf1 {[%emt 0:07:17]} Nd4 {[%emt 0:01:15]} 41. f4 {[%emt 0:00:39]} Rd3+ {[%emt 0:02:53]} 42. Kh4 {[%emt 0:01:04]} exf4 {[%emt 0:00:08]} 43. Bd1 {[%emt 0:04:31]} c2 {[%emt 0:01:00]} 44. Bxc2 {[%emt 0:00:25]} Nxc2 {[%emt 0:00:00]} 45. Rxf4 {[%emt 0:00:30]} Nd4 {[%emt 0:00:05]} 46. Kg4 {[%emt 0:01:11]} Ne6 {[%emt 0:00:13]} 0-1

[Event "5th Ordu Open 2019"]
[Site "Ordu"]
[Date "2019.04.30"]
[Round "3.19"]
[White "Unat, Can Haktan"]
[Black "Alumert, Orkun Efe"]
[Result "1-0"]
[WhiteElo "2110"]
[BlackElo "2045"]
[Annotator "NA"]
[PlyCount "67"]
[EventDate "2019.04.29"]
[EventType "swiss"]
[EventCountry "TUR"]
[SourceTitle "playchess.com"]
[Source "ChessBase"]
[SourceQuality "1"]
[TimeControl "5400+30"]

1. d4 {[%emt 0:00:30]} Nf6 {[%emt 0:00:30]} 2. Nc3 {[%emt 0:01:30]} d5 {[%emt 0:00:30]} 3. Bf4 {[%emt 0:00:00]} g6 {[%emt 0:00:30]} 4. e3 {[%emt 0:00:00]} c6 {[%emt 0:02:30]} 5. h4 {[%emt 0:00:30]} h5 {[%emt 0:01:30]} 6. Nf3 {[%emt 0:00:00]} Bf5 {[%emt 0:00:30]} 7. Ne5 {[%emt 0:02:00]} Nbd7 {[%emt 0:05:30]} 8. Bd3 {[%emt 0:00:30]} e6 {[%emt 0:03:30]} 9. Qe2 {[%emt 0:04:30]} Bg7 {[%emt 0:01:30]} 10. f3 {[%emt 0:04:30]} Nxe5 {[%emt 0:02:30]} 11. Bxe5 {[%emt 0:00:30]} Bxd3 {[%emt 0:06:30]} 12. cxd3 {[%emt 0:01:30]} Kf8 {[%emt 0:04:30]} 13. O-O-O {[%emt 0:08:30]} Ne8 {[%emt 0:00:30]} 14. Qf2 {[%emt 0:01:30]} Bxe5 {[%emt 0:01:30]} 15. dxe5 {[%emt 0:00:30]} Qa5 {[%emt 0:01:30]} 16. e4 {[%emt 0:02:30]} Rd8 {[%emt 0:02:30]} 17. d4 {[%emt 0:01:30]} Ke7 {[%emt 0:04:30]} 18. Kb1 {[%emt 0:05:30]} Kd7 {[%emt 0:01:30]} 19. Rc1 {[%emt 0:02:30]} b6 {[%emt 0:11:30]} 20. Rc2 {[%emt 0:00:30]} Rc8 {[%emt 0:00:30]} 21. Rhc1 {[%emt 0:01:30]} Rc7 {[%emt 0:03:30]} 22. Qe2 {[%emt 0:02:30]} Qb4 {[%emt 0:02:30]} 23. Qd3 {[%emt 0:02:30]} Qe7 {[%emt 0:01:30]} 24. g3 {[%emt 0:01:30]} Qd8 {[%emt 0:03:30]} 25. a3 {[%emt 0:10:30]} f5 {[%emt 0:09:30]} 26. Na2 {[%emt 0:01:30]} a5 {[%emt 0:06:30]} 27. Nc3 {[%emt 0:01:30]} Qb8 {[%emt 0:01:30]} 28. Ne2 {[%emt 0:02:30]} Rh7 {[%emt 0:01:30]} 29. Nf4 {[%emt 0:00:30]} Rg7 {[%emt 0:00:32]} 30. exd5 {[%emt 0:03:30]} exd5 {[%emt 0:04:43]} 31. e6+ {[%emt 0:05:30]} Kd6 {[%emt 0:01:03]} 32. Qe3 {[%emt 0:00:30]} Qc8 {[%emt 0:00:42]} 33. Qe5+ {[%emt 0:00:30]} Ke7 {[%emt 0:00:30]} 34. Nxd5+ {[%emt 0:00:00]} 1-0

[Event "5th Ordu Open 2019"]
[Site "Ordu"]
[Date "2019.04.30"]
[Round "3.20"]
[White "Ozturk, Efe Hakan"]
[Black "Daghan, Devran"]
[Result "1/2-1/2"]
[WhiteElo "2109"]
[BlackElo "1993"]
[Annotator "NA"]
[PlyCount "136"]
[EventDate "2019.04.29"]
[EventType "swiss"]
[EventCountry "TUR"]
[SourceTitle "playchess.com"]
[Source "ChessBase"]
[SourceQuality "1"]
[TimeControl "5400+30"]

1. Nf3 {[%emt 0:00:30]} d6 {[%emt 0:00:30]} 2. d4 {[%emt 0:00:30]} g6 {[%emt 0:01:30]} 3. g3 {[%emt 0:00:30]} Bg7 {[%emt 0:00:30]} 4. Bg2 {[%emt 0:00:30]} Nd7 {[%emt 0:00:30]} 5. O-O {[%emt 0:00:30]} e5 {[%emt 0:01:30]} 6. dxe5 {[%emt 0:01:30]} dxe5 {[%emt 0:00:30]} 7. c4 $11 {[%emt 0:08:30]} Ne7 {[%emt 0:03:30]} 8. Nc3 {[%emt 0:01:30]} h6 {[%emt 0:03:30]} 9. Nd2 {[%emt 0:06:30]} O-O {[%emt 0:01:30]} 10. b4 {[%emt 0:02:30]} e4 {[%emt 0:17:30]} 11. Qb3 {[%emt 0:04:30]} e3 {[%emt 0:03:30]} 12. fxe3 {[%emt 0:04:30]} Nf5 {[%emt 0:02:30]} 13. Nf3 {[%emt 0:07:30]} Re8 {[%emt 0:16:30]} 14. e4 {[%emt 0:03:30]} Nd4 {[%emt 0:02:30]} 15. Nxd4 {[%emt 0:05:30]} Bxd4+ {[%emt 0:00:30]} 16. Kh1 {[%emt 0:01:30]} Bg7 {[%emt 0:00:30]} 17. Bf4 {[%emt 0:10:30]} c6 {[%emt 0:02:30]} 18. Rad1 {[%emt 0:09:30]} Qe7 {[%emt 0:04:30]} 19. Bd6 {[%emt 0:05:30]} Qe6 {[%emt 0:00:30]} 20. Na4 {[%emt 0:02:30]} Ne5 {[%emt 0:03:30]} 21. Nb2 {[%emt 0:08:12]} a5 {[%emt 0:01:30]} 22. bxa5 {[%emt 0:04:00]} Rxa5 {[%emt 0:00:30]} 23. Bb4 {[%emt 0:00:46]} Ra8 {[%emt 0:01:30]} 24. h3 {[%emt 0:02:36]} Bf8 {[%emt 0:02:30]} 25. Bxf8 {[%emt 0:01:25]} Rxf8 {[%emt 0:00:30]} 26. Nd3 {[%emt 0:01:18]} Qe7 {[%emt 0:01:30]} 27. a4 {[%emt 0:03:12]} Qg5 {[%emt 0:02:30]} 28. Nf4 {[%emt 0:01:01]} Qe7 {[%emt 0:00:00]} 29. Nd3 {[%emt 0:00:32]} Qc7 {[%emt 0:03:00]} 30. Nf4 {[%emt 0:02:31]} Qa5 {[%emt 0:00:30]} 31. Ra1 {[%emt 0:00:21]} Qc5 {[%emt 0:02:30]} 32. Rac1 {[%emt 0:01:00]} Qa5 {[%emt 0:12:31]} 33. Qb2 {[%emt 0:00:41]} Rd8 {[%emt 0:00:37]} 34. Rfd1 {[%emt 0:00:00]} Rxd1+ {[%emt 0:02:09]} 35. Rxd1 {[%emt 0:00:22]} Bd7 {[%emt 0:00:30]} 36. Qxb7 {[%emt 0:00:11]} Qxa4 {[%emt 0:00:48]} 37. Rxd7 {[%emt 0:00:30]} Nxd7 {[%emt 0:00:39]} 38. Qxd7 {[%emt 0:00:30]} Qxc4 {[%emt 0:00:50]} 39. e5 {[%emt 0:00:30]} Qc5 {[%emt 0:00:11]} 40. Kh2 {[%emt 0:00:30]} Qxe5 {[%emt 0:00:30]} 41. Bxc6 {[%emt 0:00:30]} Rf8 {[%emt 0:00:30]} 42. Qd5 {[%emt 0:00:30]} Qf6 {[%emt 0:00:30]} 43. Qf3 {[%emt 0:00:30]} Rc8 {[%emt 0:00:30]} 44. Bd5 {[%emt 0:00:30]} Rc3 {[%emt 0:00:30]} 45. Nd3 {[%emt 0:00:30]} Qe7 {[%emt 0:04:53]} 46. Qg4 {[%emt 0:01:49]} Kh7 {[%emt 0:02:44]} 47. Qf3 {[%emt 0:00:31]} Rc2 {[%emt 0:00:27]} 48. Nf4 {[%emt 0:00:30]} Qf6 {[%emt 0:00:00]} 49. Ng2 {[%emt 0:00:30]} Kg7 {[%emt 0:00:52]} 50. Be4 {[%emt 0:00:27]} Rc1 {[%emt 0:00:30]} 51. Qxf6+ {[%emt 0:00:30]} Kxf6 {[%emt 0:00:00]} 52. Ne3 {[%emt 0:00:48]} Ke5 {[%emt 0:00:09]} 53. Bd3 {[%emt 0:00:30]} Kd4 {[%emt 0:00:30]} 54. Ng4 {[%emt 0:00:30]} h5 {[%emt 0:00:36]} 55. Nh6 {[%emt 0:00:14]} Rc7 {[%emt 0:00:55]} 56. Kg2 {[%emt 0:00:30]} Ke5 {[%emt 0:00:30]} 57. Nxf7+ {[%emt 0:00:30]} Rxf7 {[%emt 0:00:30]} 58. Bxg6 {[%emt 0:00:30]} Ra7 {[%emt 0:00:30]} 59. Bxh5 {[%emt 0:00:30]} Kf5 {[%emt 0:00:30]} 60. h4 {[%emt 0:00:30]} Ra3 {[%emt 0:00:30]} 61. Bf3 {[%emt 0:00:30]} Rb3 {[%emt 0:00:30]} 62. h5 {[%emt 0:00:30]} Kg5 {[%emt 0:00:30]} 63. Kh3 {[%emt 0:00:30]} Re3 {[%emt 0:00:00]} 64. g4 {[%emt 0:00:00]} Ra3 {[%emt 0:00:00]} 65. Kg3 {[%emt 0:00:00]} Re3 {[%emt 0:00:00]} 66. Kf2 {[%emt 0:00:00]} Kf4 {[%emt 0:00:10]} 67. g5 {[%emt 0:00:00]} Rxe2+ {[%emt 0:00:27]} 68. Kxe2 {[%emt 0:00:00]} Kxg5 {[%emt 0:00:02]} 1/2-1/2

[Event "5th Ordu Open 2019"]
[Site "Ordu"]
[Date "2019.05.01"]
[Round "4.1"]
[White "Annaberdiev, Meilis"]
[Black "Pacher, Milan"]
[Result "1/2-1/2"]
[WhiteElo "2531"]
[BlackElo "2396"]
[Annotator "TA"]
[PlyCount "106"]
[EventDate "2019.04.29"]
[EventType "swiss"]
[EventCountry "TUR"]
[SourceTitle "playchess.com"]
[Source "ChessBase"]
[SourceQuality "1"]

{[%evp 11,106,17,20,11,28,0,30,15,29,25,30,20,21,19,14,23,16,12,20,15,32,23,35,34,34,20,44,54,51,45,38,32,54,50,38,53,66,60,103,17,23,3,12,0,17,17,17,17,13,0,77,78,79,76,78,40,40,40,35,27,34,8,8,8,8,8,22,8,8,8,8,8,8,8,8,8,8,8,8,8,8,8,8,8,8,0,0,0,8,8,8,8,8,8,8,0,0]} 1. e4 e5 2. Nf3 Nc6 3. Bb5 Nf6 4. d3 Bc5 5. c3 O-O 6. O-O d6 7. Ba4 {C65: Ruy Lopez: Berlin Defence (3...Nf6), unusual lines and 4 0-0 Bc5} Rb8 $146 ({Predecessor:} 7... Ne7 8. Bc2 Ng6 9. d4 Bb6 10. a4 c6 11. dxe5 Nxe5 12. Nxe5 dxe5 13. Qxd8 Rxd8 14. a5 Bc5 {1-0 (39) Carlsen,M (2845)-Grischuk,A (2771) Shamkir 2019}) 8. Bc2 b5 9. b4 {White has an edge.} Bb6 10. a4 bxa4 11. Nbd2 a5 12. Bxa4 Ne7 13. bxa5 Bxa5 14. Qc2 Ng6 15. Nc4 Bb6 16. Nxb6 Rxb6 17. Be3 Ra6 18. Bb3 h6 19. Rxa6 Bxa6 20. Ra1 Qc8 21. h3 c5 22. Nd2 Nf4 23. Nc4 Bxc4 24. Bxc4 d5 25. exd5 (25. Bxf4 $1 $16 {aiming for Ba6.} exf4 26. Bxd5 (26. exd5 Rd8 $14)) 25... N6xd5 $11 26. Qd2 Qc6 {And now ...Nxg2! would win.} 27. Bxd5 Qxd5 {[%csl Gf4][%cal Rd5g2] [#]} 28. Bxf4 exf4 29. Qxf4 Qxd3 {[%mdl 4096] Endgame KQR-KQR} 30. c4 (30. Qe5 {keeps more tension.} Qb5 31. Re1 Rd8 32. Qf5 g6 33. Qf6) 30... Qd4 (30... Re8 $11 {keeps the balance.}) 31. Qxd4 $16 cxd4 {KR-KR} 32. Kf1 Rb8 33. Rd1 Rb2 34. Rxd4 Rc2 35. g4 g5 36. Ke1 Kf8 {The position is equal.} 37. Re4 f5 38. gxf5 Kf7 39. Kf1 Kf6 40. Re6+ Kxf5 41. Rc6 h5 42. Kg2 g4 43. h4 Kf4 44. Rf6+ Ke5 45. Rg6 Rxc4 46. Rg5+ Kf4 47. Rxh5 Rc3 48. Ra5 Rh3 49. Rh5 Ra3 50. Rh8 g3 51. Rf8+ Kg4 52. Rg8+ Kxh4 53. Rxg3 Rxg3+ {Accuracy: White = 63%, Black = 68%.} 1/2-1/2

[Event "5th Ordu Open 2019"]
[Site "Ordu"]
[Date "2019.05.01"]
[Round "4.2"]
[White "Barski, Radoslaw"]
[Black "Mgeladze, Tamaz"]
[Result "1-0"]
[WhiteElo "2462"]
[BlackElo "2396"]
[Annotator "ChessBase"]
[PlyCount "47"]
[EventDate "2019.04.29"]
[EventType "swiss"]
[EventCountry "TUR"]
[SourceTitle "playchess.com"]
[Source "ChessBase"]
[SourceQuality "1"]
[TimeControl "5400+30"]

1. e4 {[%emt 0:00:30]} c5 {[%emt 0:00:30]} 2. Nf3 {[%emt 0:00:30]} Nc6 {[%emt 0:00:00]} 3. Bb5 {[%emt 0:00:00]} g6 {[%emt 0:01:00]} 4. Bxc6 {[%emt 0:00:00]} bxc6 {[%emt 0:00:00]} 5. d4 {[%emt 0:00:00]} cxd4 {[%emt 0:02:00]} 6. Qxd4 {[%emt 0:00:00]} Nf6 {[%emt 0:01:30]} 7. e5 {[%emt 0:00:30]} Nd5 {[%emt 0:00:00]} 8. c4 {[%emt 0:00:30]} Nc7 {[%emt 0:02:00]} 9. Nc3 {[%emt 0:00:30]} Bg7 {[%emt 0:01:30]} 10. Qh4 {[%emt 0:01:30]} h6 {[%emt 0:01:30]} 11. O-O {[%emt 0:00:30]} Ne6 {[%emt 0:00:00]} 12. Re1 {[%emt 0:00:30]} Rb8 {[%emt 0:05:00]} 13. b3 {[%emt 0:00:30]} d5 {[%emt 0:01:30]} 14. cxd5 {[%emt 0:13:30]} cxd5 {[%emt 0:00:00]} 15. Rd1 {[%emt 0:00:30]} d4 {[%emt 0:08:00]} 16. Nxd4 {[%emt 0:01:30]} Nxd4 {[%emt 0:08:30]} 17. Rxd4 {[%emt 0:00:30]} Qa5 {[%emt 0:00:00]} 18. Rd5 {[%emt 0:14:30]} Rb5 {[%emt 0:06:00]} 19. Ba3 {[%emt 0:09:30]} g5 {[%emt 0:19:30]} 20. Nxb5 {[%emt 0:00:30]} gxh4 {[%emt 0:00:30]} 21. Nd6+ {[%emt 0:00:30]} exd6 {[%emt 0:00:30]} 22. Rxa5 {[%emt 0:00:30]} Bxe5 {[%emt 0:00:30]} 23. Re1 {[%emt 0:00:00]} O-O {[%emt 0:00:00]} 24. Rexe5 {[%emt 0:00:00]} 1-0

[Event "5th Ordu Open 2019"]
[Site "Ordu"]
[Date "2019.05.01"]
[Round "4.3"]
[White "Odeev, Handszar"]
[Black "Tanriverdi, Enes"]
[Result "1/2-1/2"]
[WhiteElo "2394"]
[BlackElo "2348"]
[Annotator "NA"]
[PlyCount "73"]
[EventDate "2019.04.29"]
[EventType "swiss"]
[EventCountry "TUR"]
[SourceTitle "playchess.com"]
[Source "ChessBase"]
[SourceQuality "1"]
[TimeControl "5400+30"]

1. e4 {[%emt 0:06:30]} c5 {[%emt 0:00:30]} 2. Nf3 {[%emt 0:00:30]} e6 {[%emt 0:00:00]} 3. Nc3 {[%emt 0:01:30]} Nc6 {[%emt 0:00:00]} 4. Bb5 {[%emt 0:02:30]} Nd4 {[%emt 0:00:00]} 5. Bc4 {[%emt 0:02:30]} Ne7 {[%emt 0:01:00]} 6. O-O {[%emt 0:03:30]} Nec6 {[%emt 0:00:00]} 7. d3 $11 {[%emt 0:01:30]} Be7 {[%emt 0:01:00]} 8. Nxd4 {[%emt 0:15:30]} cxd4 {[%emt 0:00:30]} 9. Ne2 {[%emt 0:00:30]} O-O {[%emt 0:01:30]} 10. a3 {[%emt 0:01:30]} d5 {[%emt 0:21:30]} 11. exd5 {[%emt 0:00:30]} exd5 {[%emt 0:00:30]} 12. Ba2 {[%emt 0:00:30]} Bg4 {[%emt 0:00:30]} 13. h3 {[%emt 0:02:30]} Bh5 {[%emt 0:01:30]} 14. g4 {[%emt 0:06:30]} Bg6 {[%emt 0:00:30]} 15. Nf4 {[%emt 0:00:00]} Bd6 {[%emt 0:01:30]} 16. Qf3 {[%emt 0:08:00]} Ne5 {[%emt 0:06:30]} 17. Qg2 {[%emt 0:04:30]} Rc8 {[%emt 0:03:30]} 18. Bb3 {[%emt 0:02:30]} Nd7 {[%emt 0:03:30]} 19. Nxd5 {[%emt 0:01:30]} Kh8 {[%emt 0:07:30]} 20. Bf4 {[%emt 0:06:30]} Nc5 {[%emt 0:01:30]} 21. Ba2 {[%emt 0:02:30]} f5 {[%emt 0:03:30]} 22. Qg3 {[%emt 0:01:30]} Rc6 {[%emt 0:03:30]} 23. Rae1 {[%emt 0:08:51]} fxg4 {[%emt 0:03:30]} 24. b4 {[%emt 0:06:27]} Bxf4 {[%emt 0:05:30]} 25. Nxf4 {[%emt 0:00:30]} Rcf6 {[%emt 0:00:30]} 26. Nxg6+ {[%emt 0:00:51]} Rxg6 {[%emt 0:00:00]} 27. hxg4 {[%emt 0:00:04]} Na4 {[%emt 0:03:00]} 28. Bb3 {[%emt 0:04:00]} Nc3 {[%emt 0:00:30]} 29. Re5 {[%emt 0:00:28]} Rgf6 {[%emt 0:07:30]} 30. f3 {[%emt 0:03:27]} Qd6 {[%emt 0:01:30]} 31. Kg2 {[%emt 0:00:02]} Nd1 {[%emt 0:00:30]} 32. Rfe1 {[%emt 0:04:47]} g5 {[%emt 0:09:19]} 33. Bd5 {[%emt 0:02:45]} Rf4 {[%emt 0:03:35]} 34. Rxg5 {[%emt 0:01:14]} Ne3+ {[%emt 0:00:40]} 35. Rxe3 {[%emt 0:00:30]} dxe3 {[%emt 0:00:00]} 36. Rh5 {[%emt 0:00:29]} Qc7 {[%emt 0:04:28]} 37. c4 {[%emt 0:01:05]} 1/2-1/2

[Event "5th Ordu Open 2019"]
[Site "Ordu"]
[Date "2019.05.01"]
[Round "4.4"]
[White "Eren, Ataberk"]
[Black "Klekowski, Maciej"]
[Result "1/2-1/2"]
[WhiteElo "2256"]
[BlackElo "2502"]
[Annotator "TA"]
[PlyCount "140"]
[EventDate "2019.04.29"]
[EventType "swiss"]
[EventCountry "TUR"]
[SourceTitle "playchess.com"]
[Source "ChessBase"]
[SourceQuality "1"]

{[%evp 24,140,26,12,23,-15,0,0,6,-16,4,0,10,7,23,0,94,27,56,5,5,5,8,8,8,12,10,2,8,0,11,0,0,0,0,-6,-2,-8,0,0,0,0,0,-16,-10,-13,-10,-12,-12,-13,0,0,0,0,0,0,24,0,0,-52,0,-124,-126,-147,-156,-157,-157,-127,-122,-191,-166,-138,-137,-143,-129,-203,-145,-106,-125,-128,0,0,0,0,0,0,0,0,0,0,0,0,0,0,0,0,0,0,0,0,0,0,0,0,8,8,8,8,8,8,8,8,8,8,8,8,8,8,8]} 1. e4 e5 2. Nf3 Nc6 3. Bb5 a6 4. Ba4 Nf6 5. O-O Be7 6. Re1 b5 7. Bb3 d6 8. c3 O-O 9. h3 Na5 10. Bc2 c5 11. d4 Nd7 12. Nbd2 exd4 13. cxd4 Nc6 {C96: Closed Ruy Lopez: Chigorin Defence: 11 d4, replies other than 11...Qc7} 14. dxc5 (14. d5 Nce5 15. Nxe5 Nxe5 16. f4 Ng6 17. Nf3 Bh4 18. Nxh4 Qxh4 19. Rf1 f5 20. e5 dxe5 21. fxe5 Nxe5 22. Bf4 Nc4 {0-1 (52) Steinberg,N (2532)-Jakovenko,D (2735) St Petersburg 2018}) 14... Nxc5 15. Nf1 {[#]} Bb7 $146 ({Predecessor:} 15... Be6 16. Ne3 Bf6 17. Nd5 Bxd5 18. exd5 Ne5 19. Nd4 Re8 20. Bf4 g6 21. b4 {0-1 (62) Renet,O (2494)-Hebden,M (2560) Clichy 2001}) 16. Bf4 Re8 (16... Ne6 $5 {[%cal Re6f4]} 17. Bg3 Nb4 $11) 17. Qd2 Na5 18. Rad1 Bf6 (18... Nc4 {is interesting.} 19. Qc1 Ne6 20. Bg3 Qb6 21. Ne3 Nxe3 22. Rxe3 a5) 19. Bxd6 (19. Qc1 {with more complications.} Qc8 20. b4 Ne6 21. bxa5 Nxf4 22. Ng3) 19... Nxe4 (19... Nc4 $1 $11 20. Qb4 Nxe4) 20. Bxe4 (20. Qf4 $1 $16 {[%cal Rc2e4]} g5 21. Qh2 (21. Qf5 Bc8 $11)) 20... Bxe4 21. Qf4 (21. Bb4 $14 Nc6 22. Qf4 Qxd1 23. Rxd1 Nxb4 24. Ng3) 21... Bxf3 $1 $11 22. Qxf3 {Strongly threatening Bb4.} Rxe1 23. Rxe1 Rc8 $1 24. Rd1 {Hoping for Bb4.} Qe8 25. b3 Nc6 26. Ne3 Qe6 27. Ng4 Bd4 28. Bf4 h6 29. Bd2 Rd8 30. Re1 Qd6 31. Bf4 Qg6 32. Rc1 Ne7 {[%cal Bc6e7,Be7d5,Bd5c3][%mdl 32]} 33. Qb7 Nd5 34. Rc8 Rxc8 35. Qxc8+ Kh7 36. Be5 Nc3 37. Bxd4 Ne2+ 38. Kh2 {Threatens to win with Be3.} Nxd4 39. Qd7 Ne2 40. Qe7 Nc1 41. Ne5 ({Better is} 41. Qd7 $11) 41... Qf6 (41... Qe4 $1 $15 42. Qc7 Qf4+ 43. Kh1 Nd3) 42. Qc7 {[#]} (42. Qxf6 $11 {remains equal.} gxf6 43. Nc6) 42... Qf4+ $1 $17 ({Of course not} 42... Nxa2 $6 43. Qc2+ g6 44. Nxg6 $11) 43. Kh1 {[#] next Qc2+ is good for White.} Nd3 $1 {[%cal Rd3f2][%mdl 512]} 44. Qc2 {[#]} (44. Nxd3 Qxc7) 44... Qc1+ $1 45. Qxc1 Nxc1 {[%mdl 4096] Endgame KN-KN} 46. a4 (46. Kg1 $17) 46... f6 47. axb5 axb5 48. Nc6 Nxb3 49. g4 (49. g3 $17) 49... Kg8 50. Kg2 Kf7 51. Kf3 Ke6 (51... Nc5 $17 52. Ke3 Ke8) 52. Na7 $1 $11 {The position is equal.} Nd2+ 53. Ke2 Nc4 {aiming for ...Nd6.} 54. Nxb5 Ke5 55. Kf3 g5 56. Nc3 Nd6 57. Nd1 Nb5 58. Ke3 Nc7 59. Kf3 Ne6 60. Ne3 Nd4+ 61. Kg3 Ke4 62. Nc4 Ne2+ 63. Kg2 Kf4 64. Nd6 Nd4 65. Nf7 f5 66. Nxh6 fxg4 67. Nxg4 Nf5 68. Nf6 Nh4+ 69. Kf1 Kf3 70. Nh7 g4 {Accuracy: White = 51%, Black = 56%.} 1/2-1/2